| 000 | 00899nam a22002657a 4500 | ||
|---|---|---|---|
| 005 | 20240216094520.0 | ||
| 008 | 181128t mx ||||gr|||| 00| 0 spa d | ||
| 020 | _a9786071608154 | ||
| 050 | 0 | 4 |
_aJC575 _bB38 2011 |
| 100 | 1 |
_aBauman, Zygmunt, _d1925- |
|
| 240 | 1 | 0 |
_aCollateral damage : social inequalities in a global age. _lEspañol. |
| 245 | 1 | 0 |
_aDaños colaterales _b : desigualdades sociales en la era global _c / Zygmunt Bauman ; [traducción de Lilia Mosconi]. |
| 250 | _a1a ed. | ||
| 260 |
_aMéxico : _bFondo de Cultura Económica, _c2011 |
||
| 300 |
_a233 p. ; _c21 cm. |
||
| 490 | 0 | _aObras de Sociología | |
| 500 | _a | ||
| 504 | _aIncluye bibliografías e índice. | ||
| 650 | 4 | _aDesigualdad | |
| 650 | 4 |
_aSociología _xIgualdad |
|
| 650 | 4 |
_aEconomía _xIgualdad |
|
| 650 | 4 |
_aPobreza _xAspectos sociales |
|
| 700 | 1 |
_aMosconi, Lilia, _etraductor. |
|
| 942 |
_2lcc _cLIB |
||
| 999 |
_c122664 _d122664 |
||